00584nam a22001457a 4500003000900000005001700009008003600026040002300062100003300085245004800118260006000166300002200226490010100248505008900349DO-SdBNP20171128104626.0171128b 1962 ag || |||| 00| 0 spa d aBPMSUbspa cBPMSU aLevene, Ricardo,d1885-1959. aObras de Ricardo Levene / cRicardo Levene  aBuenos Aires :bAcademia Nacional de la Historia c1962 a541 p. ;c24 cm.  aPublicación de la Comisión de Nacional Ejecutiva del 150 aniversario de la revolución de m aV. 2 : tInvestigaciones acerca de la historia económica del virreinato del Plata